000 00815nam a2200241 a 4500
005 20250408063817.0
008 010508s1998 mx r 000 0 spa d
020 _a9681654714
035 _aUPN01000106169
049 _aCG
050 4 _aJX1395
_bD8.78
100 1 _aDuroselle, Jean-Baptiste,
_d1917-
245 1 0 _aTodo imperio perecerá :
_bteoría sobre las relaciones internacionales /
_cJean-Baptiste Duroselle ; tr. de Abdiel Macías Arvizu.
260 _aMéxico :
_bFCE,
_c1998.
300 _a468 p.
440 0 _aSección de obras de política y derecho
534 _pTraducción de:
_tTout empire périra : théorie des relations internationales
650 4 _aRelaciones internacionales
_914390
650 4 _aPaz
_96176
650 4 _aCultura
_97095
650 4 _aImperialismo
_99887
905 _aLibro
999 _c80082
_d80082